000 00779nam a2200253Ia 4500
003 OSt
005 20220925203842.0
006 a|||||r|||| 00| 0
007 ta
008 220923b |||||||| |||| 00| 0 eng d
020 _a0132948842
037 _cGeneral Book
040 _aRTL
_cRTL
_beng
041 _2eng
_aeng
082 _aX91:328, M2
100 _aSexton Donald L And other
_9267161
245 0 _aExperiences in entrepreneuship and small busines m
260 _aEnglewood
_bCliffs Prentics Hall
_c1982
300 _axviii, 248p.
_ccm.
650 _aIndustrial Economics
700 _a Auken Philip M And other
_9267162
942 _hX91:328, M2
_cGB
_2CC
999 _c547931
_d547931